Gesellschaft und Wissenschaft im Wandel

Titel: Gesellschaft und Wissenschaft im Wandel : Stand und Perspektiven der ethnologischen Sozialforschung in Ungarn
Verfasser:
In: Ethnology in Slovakia at the beginning of the 21st century, (2005), Seite 136-147
alle Artikel anzeigen
Veröffentlicht: 2005
Format: Aufsatz
Sprache: Deutsch
Kein Bild verfügbar
X
alg: 39171186
001A    $01999:11-11-16 
001B    $01999:15-05-21 $t21:02:42.000 
001D    $01999:11-11-16 
001U    $0utf8 
001X    $00 
002@    $0Aox 
003@    $0391711865 
007A    $0391711865 $aHEB 
007T    $0Herdc0023717m 
010@    $ager 
011@    $a2005 
021A    $aGesellschaft und Wissenschaft im Wandel $dStand und Perspektiven der ethnologischen Sozialforschung in Ungarn 
028A    $aBarna $dGábor 
031A    $h136-147 $j2005 
039B    $aIn $8--Aaxaf--. Ethnology in Slovakia at the beginning of the 21st century. - Wien : Inst. für Europ. Ethnologie der Univ., 2005. - 229 S.. - graph. Darst.. - ISBN 3-902029-10-2 $x200500000000000864 $9180852833 
045F    $a370.9439 $eDDC23BSB 
045F/01 $a370.9 
045F/03 $g439 

lok: 39171186 78

exp: 39171186 78 1 #EPN
201B/01 $019-04-17 $t10:21:04.000 
201U/01 $0utf8 
203@/01 $0787806579 
208@/01 $a11-11-16 $be 
209A/01 $a/ $f000 $x00 
220C/01 $aTitelaufnehmer: gk;sk 
244Z/01 $2Trx $#Ungari $#Vengrija $#Ungārija $#Ungarn $#Hungary $#Węgry $#Maďarsko $#Maďarsko $#Uhorsko $#Uhersko;Uhry $8--Trx--Magyarország $x01 $9391197150 
244Z/01 $2Trx $#sotsiaalajalugu metoloogiline $#socialinė istorija metodas $#social history methodology $#szociáltörténelem módszer $#historia społeczna metoda $#dejiny sociálne metóda $#dějiny sociální metoda $#Gesellschaftsgeschichte $#dejiny spoločnosti metóda $8--Trx--Sozialgeschichte$gMethode $x02 $9391376128 
244Z/01 $2Trx $#etnoloogia teadus $#etnologija mokslas $#ethnology $#etnológia tudomány $#etnologia nauka $#etnológia náuka $#etnologie věda $#Völkerkunde $#národopis $8--Trx--Ethnologie$gWissenschaft $x03 $9391371274 
244Z/01 $2Trx $#etnograafia üldine $#etnografija bendras $#ethnography general $#néprajz általános $#etnografia ogólnie $#etnografia všeobecne $#etnografie všeobecně $#Ethnographie $#kultura ludowa $#národopis $#národopis $#kultura lidová $8--Trx--Volkskunde$gallgemein $x04 $9391362054 
244Z/01 $2Trx $8--Trx--Einzelbeiträge $x05 $9391384570 
245Z/01 $a11.05 $x01 
247C/01 $82080>Marburg/Lahn, Herder-Institut, Forschungsbibliothek, Bibliographieportal $9336309341
LEADER 00000caa a22000002c 4500
001 391711865
003 DE-603
005 20210515210242.0
007 tu
008 161111s2005 xx |||| | u00||u|ger c
035 |a (DE-599)HEB391711865 
040 |a DE-603  |b ger  |c DE-603  |d DE-603 
041 |a ger 
082 0 4 |8 1\u  |a 370.9439  |q DE-101  |2 23/BSB 
085 |8 1\u  |b 370.9 
085 |8 1\u  |z 2  |s 439 
100 1 |a Barna, Gábor 
245 0 0 |a Gesellschaft und Wissenschaft im Wandel  |b Stand und Perspektiven der ethnologischen Sozialforschung in Ungarn 
264 0 |c 2005 
773 0 8 |i In  |t Ethnology in Slovakia at the beginning of the 21st century  |d Wien : Inst. für Europ. Ethnologie der Univ., 2005  |h 229 S., graph. Darst.  |z 3902029102  |g (2005), Seite 136-147  |w (DE-603)180852833 
924 0 |9 2080  |a (DE-603)787806579  |b DE-2080  |c HES  |d d  |g /